| 000 | 00524nam a2200193 4500 | ||
|---|---|---|---|
| 001 | VA64366 | ||
| 003 | ES-SlBCS | ||
| 005 | 20210601161244.0 | ||
| 008 | 140520s1998 xxu||||| |||| 00| 0 spa d | ||
| 017 | _aM. 1704-1998 | ||
| 020 | _a84-89733-25-2 | ||
| 041 | _aspa | ||
| 100 | 1 |
_aPrieto Ramiro, Rafael _929668 |
|
| 245 | 1 | 0 |
_aUn manantial de amor inagotable _b:Cuaresma y Pascua 1998 _cRafael Prieto Ramiro |
| 260 |
_aMadrid : _bCaritas _c, 1998 |
||
| 300 |
_a271 p.; _c21 cm |
||
| 650 | 0 | 4 |
_aCuaresma _9126228 |
| 942 | _cBK | ||
| 999 |
_c839582 _d839582 |
||